<?xml version="1.0" encoding="UTF-8"?>
<record
    xmlns:xsi="http://www.w3.org/2001/XMLSchema-instance"
    xsi:schemaLocation="http://www.loc.gov/MARC21/slim http://www.loc.gov/standards/marcxml/schema/MARC21slim.xsd"
    xmlns="http://www.loc.gov/MARC21/slim">

  <leader>01693naa a2200253 i 4500</leader>
  <controlfield tag="001">6698</controlfield>
  <controlfield tag="003">KOSZ 005</controlfield>
  <controlfield tag="005">20180405134928.0</controlfield>
  <controlfield tag="008">150327s2013    pl  |  |     |000 ||eng</controlfield>
  <datafield tag="040" ind1=" " ind2=" ">
    <subfield code="c">KOSZ 005</subfield>
    <subfield code="a">KOSZ 005</subfield>
    <subfield code="d">KOSZ 005/HR</subfield>
  </datafield>
  <datafield tag="041" ind1=" " ind2=" ">
    <subfield code="a">eng</subfield>
    <subfield code="b">pol</subfield>
  </datafield>
  <datafield tag="080" ind1=" " ind2=" ">
    <subfield code="a">519.6</subfield>
  </datafield>
  <datafield tag="080" ind1=" " ind2=" ">
    <subfield code="a">624.131</subfield>
  </datafield>
  <datafield tag="100" ind1="1" ind2=" ">
    <subfield code="a">HRYNIEWICZ, Zdzis&#x142;aw.</subfield>
    <subfield code="d">1996 - .</subfield>
    <subfield code="b">Politechnika Koszali&#x144;ska - Wydzia&#x142; In&#x17E;ynierii L&#x105;dowej, &#x15A;rodowiska i Geodezji,</subfield>
    <subfield code="c">Katedra Matematyki</subfield>
  </datafield>
  <datafield tag="245" ind1=" " ind2=" ">
    <subfield code="a">Wavelet-based solution for vibrations of a beam on a nonlinear viscoelastic foundation due to moving load /</subfield>
    <subfield code="c">Zdzis&#x142;aw Hryniewicz, Piotr Kozio&#x142;.</subfield>
  </datafield>
  <datafield tag="246" ind1="3" ind2="1">
    <subfield code="a">Falkowe rozwi&#x105;zanie problemu drga&#x144; belki spoczywaj&#x105;cej na nieliniowym lepkospr&#x119;&#x17C;ystym pod&#x142;o&#x17C;u generowanych przez poruszaj&#x105;ce si&#x119; obci&#x105;&#x17C;enie </subfield>
  </datafield>
  <datafield tag="500" ind1=" " ind2=" ">
    <subfield code="a">Dane z autopsji.</subfield>
  </datafield>
  <datafield tag="520" ind1=" " ind2=" ">
    <subfield code="a">Artyku&#x142; prezentuje nowe analityczne rozwi&#x105;zanie problemu dynamicznej odpowiedzi niesko&#x144;czenie d&#x142;ugiej belki Timoshenki spoczywaj&#x105;cej na nieliniowym lepkospr&#x119;&#x17C;ystym pod&#x142;o&#x17C;u, poddanej ruchomemu obci&#x105;&#x17C;eniu roz&#x142;o&#x17C;onemu na odcinku i harmonicznemu w czasie. Analiza drga&#x144; belki zosta&#x142;a przeprowadzona przy u&#x17C;yciu dekompozycji Adomiana po&#x142;&#x105;czonej z aproksymacj&#x105; falkow&#x105; pozwalaj&#x105;c&#x105; omin&#x105;&#x107; trudno&#x15B;ci zwi&#x105;zane z numerycznym ca&#x142;kowaniem oraz zminimalizowa&#x107; niedogodno&#x15B;ci analizy Fouriera.</subfield>
  </datafield>
  <datafield tag="650" ind1=" " ind2="0">
    <subfield code="a">Mechanika grunt&#xF3;w.</subfield>
  </datafield>
  <datafield tag="650" ind1=" " ind2="0">
    <subfield code="a">Analiza falkowa.</subfield>
  </datafield>
  <datafield tag="700" ind1="1" ind2=" ">
    <subfield code="a">KOZIO&#x141;, Piotr.</subfield>
    <subfield code="d">1997 - .</subfield>
    <subfield code="b">Politechnika Koszali&#x144;ska - Wydzia&#x142; In&#x17C;ynierii L&#x105;dowej, &#x15A;rodowiska i Geodezji,</subfield>
    <subfield code="c">Katedra Matematyki</subfield>
  </datafield>
  <datafield tag="773" ind1=" " ind2=" ">
    <subfield code="i">W :</subfield>
    <subfield code="t">Journal of Theoretical and Applied Mechanics. -</subfield>
    <subfield code="g">2013, Vol. 51, nr 1, s. 225-234</subfield>
  </datafield>
  <datafield tag="942" ind1=" " ind2=" ">
    <subfield code="c">PO</subfield>
    <subfield code="2">UKD</subfield>
  </datafield>
  <datafield tag="999" ind1=" " ind2=" ">
    <subfield code="c">6698</subfield>
    <subfield code="d">6698</subfield>
  </datafield>
  <datafield tag="952" ind1=" " ind2=" ">
    <subfield code="0">0</subfield>
    <subfield code="1">0</subfield>
    <subfield code="4">0</subfield>
    <subfield code="7">0</subfield>
    <subfield code="a">BPK</subfield>
    <subfield code="b">BPK</subfield>
    <subfield code="o">034</subfield>
    <subfield code="y">PO</subfield>
  </datafield>
</record>
